| 000 | 01041nam a2200241 a 4500 | ||
|---|---|---|---|
| 001 | 2020198 | ||
| 003 | AM-YEHGA | ||
| 005 | 20250703114807.0 | ||
| 008 | 250527s1859 it ||||r|||||00||0|arm|d | ||
| 040 | _aAM-YEHGA | ||
| 041 | 0 | _aarm | |
| 100 | 0 | 0 |
_aԵղիշե, _dV դ. _93323 |
| 245 | 1 | 0 |
_aՍրբոյ հօրն մերոյ Եղիշէի վարդապետի մատենագրութիւնք : _bԸստ ընտրելագոյն ընթերցուածոյ գրչագրաց / _cԵղիշէ. |
| 260 |
_aՎենետիկ : _bՍ. Ղազար, _c1859. |
||
| 300 | _a384 էջ | ||
| 440 | 0 |
_aՄատենագրութիւնք նախնեաց ; _pԵղիշէ |
|
| 500 | _aՇարվածքը՝ 17,5x9 սմ: | ||
| 500 | _aՏիտղթ. վրա զարդ: Քրիստոսի և հայկական թվերը չեն համապատասխանում: | ||
| 650 | 1 | 4 | _aՀայոց պատմություն |
| 650 | 1 | 0 |
_aՀայ պատմագրություն _98 |
| 856 | 4 | 1 |
_uhttps://haygirk.nla.am/upload/1512-1940/1851-1900/exishe1859.pdf _yԿարդալ առցանց |
| 942 |
_2udc _cBK |
||
| 999 |
_c534995 _d534995 |
||